00556nam a2200193 a 4500001001300000003000900013005001700022008004100039020002300080082001300103100001700116245006500133260004300198300000900241500003500250505003100285650002900316700001700345nice12345678IN_TiNIC20260116014821.0050524s2000 lona grp 000 0 eng  a0232017 c29500a241bHOG aHogan, Linda aConfronting the Truthb Conscience in the Catholic Tradition aLondon bDarton, Longman & Todd c2000 a225p aincludes index and biblioraphy2 aNotes, Bibliography, Index aTheology-Catholic Church1 aHogan, Linda